000 00605nam a2200205 4500
003 OSt
005 20240627073033.0
006 a
008 240627b |||||||| |||| 00| 0 eng d
020 _a9789712352454
040 _aDWCL-Main lib.
_cOC
082 _aFil. 150.287 S237p 2009
100 _aSantos, Zenaida Cansio
245 _aPsychological measurement and evaluation /
260 _aManila :
_bRex Book Store,
_cc2009.
300 _aviii,
_b221 p. ;
_c23 cm.
504 _aIncludes bibliographical references & index.
650 _a1. Psychological tests.
942 _2ddc
_n0
_cBK - FIL
_kFil.
999 _c1517
_d1517